SON PEYGAMBER HZ. MUHAMMED (Record no. 1218962)

MARC details
000 -LEADER
sabit uzunluktaki kontrol alanı 00244nam a2200097Ia 4500
001 - KONTROL NUMARASI
kontrol alanı 1218962
005 - EN SON İŞLEMİN TARİH VE ZAMANI
kontrol alanı 20250827024656.0
008 - SABİT-UZUNLUKTA VERİ ÖĞELERİ--GENEL BİLGİ
sabit uzunluktaki kontrol alanı 250824s9999 xx 000 0 und d
245 #0 - ESER / YAZAR
ESER ADI SON PEYGAMBER HZ. MUHAMMED
Yazar Adı AHMET CEVDET PAŞA
260 ## - YAYIN, DAĞITIM, VB.
YAYIN EVİ AGD
Holdings
Düşüm durumu Kayıp durumu Hasar Durumu Ödünç verilmez Ana kütüphane Geçerli Kütüphane Edinilen tarih Toplam ödünç verme sayısı Barkod Son görüntüleme tarihi Fiyatın geçerli olmaya başladığı tarih Koha materyal türü
        AYŞE- KEMAL İNANÇ ANADOLU İMAM HATİP LİSESİ AYŞE- KEMAL İNANÇ ANADOLU İMAM HATİP LİSESİ 24.08.2025   10476129 27.08.2025 27.08.2025 Books